[Event "Panchenko Memorial-B 2020"]
[Site "Chelyabinsk"]
[Date "2020.09.11"]
[Round "5.5"]
[White "Garifullina, Leya"]
[Black "Strutinskaia, Galina"]
[Result "1/2-1/2"]
[WhiteElo "2357"]
[BlackElo "2210"]
[Annotator "TA"]
[PlyCount "97"]
[EventDate "2020.09.07"]
[EventType "swiss"]
[EventCountry "RUS"]
[SourceTitle "playchess.com"]
[Source "ChessBase"]
[SourceQuality "1"]

{[%evp 11,97,37,26,25,22,11,37,35,29,20,45,44,77,75,64,76,69,43,37,8,6,14,156,24,14,16,16,25,25,14,25,14,25,0,0,0,0,0,0,0,0,-10,5,0,0,-9,5,5,-7,-4,0,-7,0,0,0,0,0,-16,-14,-12,-20,-24,-8,-19,-16,-11,-16,-17,0,0,0,0,0,0,0,0,0,0,0,0,0,0,0,0,0,0,0,0]} 1. e4 c5 2. Nf3 d6 3. Bb5+ Nc6 4. O-O Bd7 5. Re1 a6 6. Bxc6 Bxc6 7. d4 {B51: Sicilian: Moscow Variation (3 Bb5+) without 3...Bd7.} cxd4 8. Qxd4 e5 9. Qd3 {White is slightly better.} Be7 {[#]} 10. a4 $146 ({Predecessor:} 10. c4 Nf6 11. Nc3 h6 12. Nh4 g6 13. Nf3 Kf8 14. a4 Kg7 15. Be3 b6 16. b3 {1-0 (25) Casier,W (2346)-Verkys,V (2478) ICCF email 2005}) 10... b5 11. Nc3 {[%cal Ra4b5]} bxa4 12. Nxa4 Nf6 13. Nc3 Qb6 14. Bg5 {Strongly threatening Bxf6.} Ng4 15. Rf1 {Hoping for h3.} Bxg5 16. Nxg5 {[#] aiming for h3.} Bb7 (16... O-O $11 {keeps the balance.}) 17. h3 (17. Nd5 $16 Bxd5 18. Qxd5 {[%mdl 64] Double Attack}) 17... Nf6 $11 18. Rfd1 Rd8 19. Nd5 Bxd5 20. exd5 Ra8 21. b3 O-O 22. Qe2 Rfc8 23. Ne4 Nxe4 24. Qxe4 Rc3 25. Ra2 g6 26. Rd3 Rc7 27. c4 f5 28. Qe3 (28. Qe2 {seems wilder.} a5 29. Ra4 Qc5 30. h4 h5 31. Qd2) 28... Rb8 (28... Qxe3 {is more complex.} 29. Rxe3 a5 30. Re1 Kf7 31. f3 Rb8) 29. Qxb6 Rxb6 {[%mdl 4096] Endgame KRR-KRR} 30. f3 Kf7 31. Kf2 g5 32. Ke2 Rcb7 33. Ra3 Kf6 34. Re3 h5 35. Kd2 f4 36. Rd3 Kf5 37. Kc2 {The position is equal.} g4 38. hxg4+ hxg4 39. Ra4 gxf3 40. gxf3 Rh7 41. b4 Rh2+ 42. Rd2 Rxd2+ 43. Kxd2 {KR-KR} e4 44. c5 e3+ 45. Ke2 dxc5 46. bxc5 Rb2+ 47. Ke1 Rb1+ 48. Ke2 Rb2+ 49. Ke1 {Accuracy: White = 85%, Black = 88%.} 1/2-1/2

[Event "Panchenko Memorial-B 2020"]
[Site "Chelyabinsk"]
[Date "2020.09.12"]
[Round "6.1"]
[White "Bodnaruk, Anastasia"]
[Black "Borisova, Ekaterina"]
[Result "1-0"]
[WhiteElo "2411"]
[BlackElo "2283"]
[Annotator "TA"]
[PlyCount "127"]
[EventDate "2020.09.07"]
[EventType "swiss"]
[EventCountry "RUS"]
[SourceTitle "playchess.com"]
[Source "ChessBase"]
[SourceQuality "1"]

{[%evp 13,127,30,44,28,29,10,12,9,13,11,35,2,6,0,0,0,0,-13,-12,-48,-57,-39,-49,-37,0,-45,-62,-68,16,0,36,31,43,36,40,0,0,0,0,0,0,0,12,12,12,11,13,11,12,11,12,12,20,25,20,22,27,36,35,12,13,8,53,44,63,75,177,189,242,232,266,270,285,269,362,150,83,44,31,21,15,0,0,0,90,59,367,350,1348,405,29961,29962,29961,29960,29961,29962,29961,29960,29963,29964,29968,29968,29971,29970,29969,29970,29968,29969,29978,29979,29978,29981,29989,29990,29990,29991]} 1. e4 e5 2. Nf3 Nf6 3. Nxe5 d6 4. Nf3 Nxe4 5. Nc3 {[%cal Bb1c3,Bc3e2,Be2g3,Bg3f5][%mdl 32]} Nf6 6. d4 Be7 7. Bd3 O-O 8. h3 {C42: Petroff Defence: 3 Nxe5 and unusual White 3rd moves.} b6 9. Ne2 Bb7 10. Ng3 {The position is equal.} Re8 11. O-O Nbd7 12. Bf4 Bf8 13. c4 {[#]} d5 $146 ({Predecessor:} 13... g6 14. d5 Ne5 15. Nd4 Ba6 16. Nc6 Qd7 17. Nxe5 dxe5 18. Bg5 Be7 19. Re1 e4 {1-0 (46) Sjugirov,S (2654)-Ponkratov,P (2628) Khanty-Mansiysk 2018}) 14. Rc1 c5 15. Nf5 cxd4 16. N3xd4 Ne5 17. Bxe5 Rxe5 18. Qf3 {next Qg3 is good for White.} Ne4 19. Bxe4 Rxe4 20. Nb5 d4 (20... g6 $15 21. Ne3 dxc4) 21. Rcd1 $1 $11 g6 22. Qg3 $1 Qf6 23. Nfd6 $1 {[%cal Rd6b7]} Bxd6 $1 24. Nxd6 (24. Qxd6 {feels hotter.} Qg5 25. Qc7 Ba6 26. Qc6 Ree8 27. Nc7) 24... Re7 25. Nxb7 Rxb7 26. Rfe1 Rd8 27. Qe5 Kg7 28. Rd3 Rbd7 29. f4 Qxe5 30. Rxe5 {[%mdl 4096] Endgame KRR-KRR} h5 31. Kf2 f6 32. Re2 h4 33. Ke1 Kf7 34. Kd2 Rc7 35. b3 Re7 36. Rxe7+ Kxe7 $14 {KR-KR} 37. g3 hxg3 38. Rxg3 Kf7 39. Kd3 f5 (39... a5 $16) 40. b4 $1 $18 Re8 (40... Rd7 $142 41. c5 Rd8) 41. Kxd4 Re4+ 42. Kd5 Rxf4 {[#]} 43. Ra3 $1 a5 {[#]} 44. bxa5 (44. b5 $1 $18) 44... bxa5 $16 45. Rxa5 Rf3 $1 46. h4 Rd3+ $1 47. Kc6 f4 48. c5 Ke6 (48... f3 $11 49. Ra4 Ke6) 49. Ra8 f3 $2 {[%mdl 8192] Black cannot hold the game after this.} ({Black should try} 49... Rd4 $1 $14) 50. Rf8 $18 Ra3 $2 (50... Rc3 51. a4 Ra3) 51. Kb6 Rxa2 (51... Ke7 $18 52. Rf4 Rxa2) 52. Rxf3 {White mates.} Ra4 53. Rg3 Kf5 54. Rh3 Rb4+ 55. Kc7 Kg4 56. Rh1 Rc4 57. c6 Kf5 58. Kd7 Rd4+ 59. Ke7 Rc4 60. Kd6 Kg4 61. c7 Kh5 62. Rg1 Rd4+ 63. Kc5 Rd2 64. Rc1 {Accuracy: White = 84%, Black = 64%.} 1-0

[Event "Panchenko Memorial-B 2020"]
[Site "Chelyabinsk"]
[Date "2020.09.12"]
[Round "6.2"]
[White "Zherebtsova, Alexandra"]
[Black "Smirnova, Ekaterina"]
[Result "1/2-1/2"]
[WhiteElo "2187"]
[BlackElo "2278"]
[Annotator "TA"]
[PlyCount "166"]
[EventDate "2020.09.07"]
[EventType "swiss"]
[EventCountry "RUS"]
[SourceTitle "playchess.com"]
[Source "ChessBase"]
[SourceQuality "1"]

{[%evp 22,165,5,14,20,-10,0,-29,6,6,13,21,16,3,28,0,16,14,25,5,0,-4,50,52,52,45,62,25,25,30,43,37,38,39,51,48,53,32,48,26,44,35,70,51,68,62,66,44,47,44,68,56,56,56,58,51,52,0,0,0,0,0,0,0,0,0,0,0,0,0,0,-8,-8,-8,-8,-8,-8,-8,-8,-8,-8,-8,-8,-8,-8,-8,-8,-8,-8,-8,-8,-8,-8,-8,-8,-8,-8,-8,-8,-8,-8,-8,-8,-8,-8,-8,-8,-8,-8,-8,-8,-8,-8,-8,-8,-8,-8,-8,-8,-8,-8,-8,-8,-8,-8,-8,-8,-8,-8,-8,0,0,0,0,0,0,0,0,0,0,0,0,0,0,0,0]} 1. d4 d5 2. c4 c6 3. Nf3 Nf6 4. Qb3 dxc4 5. Qxc4 Bf5 6. g3 e6 7. Bg2 Be7 8. O-O O-O 9. Nc3 Nbd7 {[%cal Bb8d7,Bd7b6,Bb6c4][%mdl 32]} 10. e3 Ne4 11. Nd2 Nxd2 12. Bxd2 Bg6 {D23: Queen's Gambit Accepted: 3 Nf3 Nf6 sidelines.} 13. Qb3 Qb6 14. Qxb6 {[#]} Nxb6 $146 {Black has an edge.} (14... axb6 {is interesting.} 15. Ne2 h6 16. Rfc1 b5 17. e4 e5) ({Predecessor:} 14... axb6 15. e4 b5 16. a4 bxa4 17. Rxa4 Rxa4 18. Nxa4 Ra8 19. b3 f6 20. Rc1 Bf7 {0-1 (50) Halldorsson,G (2285)-Thorsteins,K (2500) Iceland 1995}) 15. Ne4 Nc4 {[#] aiming for ...Bxe4.} 16. Bc3 Rfd8 17. Rfd1 Rac8 18. g4 Nd6 19. Ng3 f6 20. b3 Nb5 21. Bb2 Ba3 (21... a5 $11) 22. Bxa3 $14 Nxa3 23. Rac1 Kf8 24. Ne4 Bxe4 25. Bxe4 h6 26. Kf1 Nb5 27. Ke2 Ke7 28. h4 Nd6 29. Bb1 Nf7 30. Rg1 g5 31. Rh1 Rg8 32. f3 Rcd8 33. b4 a6 34. Rc5 e5 35. dxe5 fxe5 36. hxg5 hxg5 37. Rh7 {Black must now prevent Rxe5+.} Kf6 $1 38. a4 Rh8 39. Rxh8 (39. Rh5 $14) 39... Rxh8 {[%mdl 4096] Endgame KRB-KRN. The position is equal.} 40. b5 {[#] And now bxa6 would win.} cxb5 41. axb5 Rh2+ 42. Kd1 Rb2 43. Bd3 axb5 44. Rxb5 Rxb5 45. Bxb5 $11 {KB-KN} Nd6 46. Bd3 e4 47. Be2 exf3 48. Bxf3 b6 49. Ke2 Nc4 50. Bb7 Ne5 51. Bc8 Ke7 52. Kd2 Kd6 53. Kc3 Kc5 54. Be6 b5 55. Bf5 b4+ 56. Kb3 Nc4 57. e4 Ne5 58. Be6 Nd3 59. Bc8 Kd4 60. Bf5 Nc5+ 61. Kxb4 Nxe4 62. Kb3 Ke5 63. Kc2 Kf4 64. Kd3 Nf2+ 65. Ke2 Nxg4 66. Bc8 Ne3 67. Kf2 Nd5 68. Kg2 Ne7 69. Bd7 Ng6 70. Bc8 Ne5 71. Kf2 Nd3+ 72. Kg2 Nc5 73. Kf2 Ne4+ 74. Kg2 Nd6 75. Bd7 Nf5 76. Bxf5 Kxf5 {KP-K} 77. Kf3 (77. Kf1 {keeps more tension.} Kf4 78. Kf2 g4 79. Kg2 Ke3 80. Kg3) 77... g4+ 78. Kg3 Kg5 79. Kf2 Kf4 (79... Kh4 $5 80. Kg2 $8 Kh5 $11) 80. Kg2 g3 (80... Ke3 $5) 81. Kg1 Kf3 {( -> ...g2)} (81... Ke3 $5) 82. Kf1 g2+ 83. Kg1 Kg3 {Accuracy: White = 92%, Black = 94%.} 1/2-1/2

[Event "Panchenko Memorial-B 2020"]
[Site "Chelyabinsk"]
[Date "2020.09.12"]
[Round "6.3"]
[White "Strutinskaia, Galina"]
[Black "Bivol, Alina"]
[Result "0-1"]
[WhiteElo "2210"]
[BlackElo "2386"]
[Annotator "TA"]
[PlyCount "112"]
[EventDate "2020.09.07"]
[EventType "swiss"]
[EventCountry "RUS"]
[SourceTitle "playchess.com"]
[Source "ChessBase"]
[SourceQuality "1"]

{[%evp 13,112,6,8,3,23,20,17,14,21,21,8,9,24,2,12,0,0,0,0,0,19,0,17,-7,-10,-7,-8,-15,-11,-19,-9,-13,-16,-20,-13,-9,-17,-16,-8,-43,-35,-27,-26,-89,-89,-94,-88,-144,-118,-120,-127,-175,-175,-183,-171,-182,-148,-224,-220,-237,-224,-237,-245,-246,-233,-333,-316,-309,-334,-331,-334,-329,-321,-291,-230,-397,-378,-392,-384,-479,-475,-492,-466,-689,-686,-790,-779,-858,-832,-806,-780,-875,-868,-823,-789,-1023,-1011,-29979,-29981,-6079,-5121]} 1. d4 Nf6 2. c4 g6 3. Nc3 d5 4. Bg5 Ne4 5. Bf4 Nxc3 6. bxc3 Bg7 7. e3 c5 8. cxd5 {has lost popularity (8.Nf3). D80: Grünfeld: Unusual White 4th moves and 4 Bg5.} cxd4 9. cxd4 Qxd5 10. Nf3 {The position is equal.} Nc6 {10...0-0 is the modern continuation. Played by Peter Svidler in July 2020.} 11. Be2 Qa5+ 12. Qd2 Qxd2+ 13. Nxd2 O-O 14. Rb1 Rd8 {[#]} 15. Nf3 $146 ({Predecessor:} 15. Bf3 e5 16. Bxc6 exf4 17. Bxb7 Bxb7 18. Rxb7 Re8 19. O-O fxe3 20. fxe3 f5 21. Nc4 {1-0 (34) Sahoo,U (2276)-Anurag,M (2396) Bhubaneswar 2015}) 15... b6 16. O-O Be6 17. a4 Na5 18. Rfc1 Bf5 $1 19. Rb2 Rac8 20. Ra1 (20. Re1 {keeps more tension.} Rc3 21. Nd2 Rdc8 22. Bb5 Bd3 23. g4) 20... Rc3 21. Nd2 Rdc8 22. g4 Bd7 23. Bd1 f6 {White should prevent ...e5.} 24. Ne4 R3c6 25. h3 h6 (25... Rc1 $5 26. Rbb1 $8 Rxb1 27. Rxb1 Be8 $11) 26. Rbb1 f5 (26... g5 $5 {[%cal Rg5f4]} 27. Bg3 f5 $15) 27. Nd2 g5 $36 {[%mdl 2048] Black has the initiative.} 28. Be5 (28. Bg3 $11) 28... Bxe5 $17 {White is on the road to losing.} 29. dxe5 Rc5 30. f4 (30. Nb3 $142 Rxe5 31. Nxa5 Rxa5 32. Rb4) 30... gxf4 31. exf4 Rc3 32. gxf5 Bxf5 ({Don't play} 32... Rxh3 33. f6 $17) 33. Bg4 Bxg4 34. hxg4 Rd8 35. Rb2 (35. Nf1 $17 {is a better defense.}) 35... Rd4 $19 36. g5 Rxf4 37. gxh6 Rg3+ 38. Kh2 Rg6 {[%cal Rf4h4] [#]} 39. Ra3 (39. Kh3 $142) 39... Rh4+ ({Less strong is} 39... Rxh6+ 40. Kg2 $19) 40. Rh3 Rgxh6 41. Rxh4 Rxh4+ {[%mdl 4096] Endgame KRN-KRN} 42. Kg3 Rxa4 43. Rc2 Rd4 44. Rc8+ $2 {[#]} (44. Kf2) 44... Kf7 45. Nf3 Rc4 46. Ra8 Nc6 47. Rh8 Ke6 48. Rh5 (48. Kf2 $142) 48... a5 {[%cal Ba7a5,Ba5a4,Ba4a3][%mdl 32]} 49. Kf2 a4 50. Ke3 Rc3+ 51. Ke4 Kd7 52. Rh2 a3 53. Rd2+ Kc7 54. e6 b5 55. Ne5 Nxe5 56. Kxe5 Re3+ {Accuracy: White = 55%, Black = 97%.} 0-1

[Event "Panchenko Memorial-B 2020"]
[Site "Chelyabinsk"]
[Date "2020.09.12"]
[Round "6.4"]
[White "Guseva, Marina"]
[Black "Maltsevskaya, Aleksandra"]
[Result "1/2-1/2"]
[WhiteElo "2378"]
[BlackElo "2272"]
[Annotator "TA"]
[PlyCount "124"]
[EventDate "2020.09.07"]
[EventType "swiss"]
[EventCountry "RUS"]
[SourceTitle "playchess.com"]
[Source "ChessBase"]
[SourceQuality "1"]

{[%evp 15,124,8,18,-7,-10,5,14,0,10,10,9,0,21,15,21,0,0,0,23,12,25,18,25,19,28,26,30,24,47,37,43,19,29,-7,0,0,22,21,38,16,52,33,50,59,88,94,102,60,106,113,139,24,18,19,25,18,26,22,29,0,33,0,0,0,15,15,17,0,0,0,0,0,0,0,0,0,0,0,0,0,0,0,0,0,0,0,0,0,0,0,0,0,0,0,0,0,0,0,0,0,0,0,0,0,0,0,0,0,0,0,0]} 1. d4 Nf6 2. c4 g6 3. Nf3 Bg7 4. g3 O-O 5. Bg2 c6 6. O-O d5 7. cxd5 cxd5 8. Ne5 Ne4 9. f3 {D79: Fianchetto Grünfeld: Symmetrical Variation (6 0-0 c6 7 cxd5 cxd5).} Nd6 10. Nc3 f6 11. Nd3 Nc6 {[#]} 12. Nf4 $146 ({Predecessor:} 12. e3 e6 13. b3 Re8 14. Bb2 Nf5 15. Qd2 e5 16. Rae1 exd4 17. exd4 Rxe1 18. Rxe1 Nfxd4 {½-½ (35) Nienhuis,K-Orseth,D ICCF corr 1992}) 12... e6 13. Kh1 f5 14. e3 $1 Bd7 15. Na4 b6 16. b3 Re8 17. Ba3 Nb5 18. Bb2 Qe7 19. Rf2 Rac8 20. Bf1 Na5 21. Qe1 Rc7 22. Nc3 Nxc3 23. Bxc3 Nc6 24. b4 Nd8 25. b5 $36 {[%mdl 2048] White fights for an advantage.} Nb7 26. Bb4 Qf7 27. Rd1 Rec8 28. a4 Bf8 29. Bxf8 Qxf8 {[#]} 30. e4 $1 {[%cal Re4d5]} dxe4 31. fxe4 Nd6 32. exf5 exf5 {[#]} 33. Bg2 ({Only move:} 33. Nd5 $1 $16) 33... Re8 $11 34. Re2 {aiming for Nd5.} Rcc8 35. Re5 Kh8 36. Qb4 {Threatens to win with Rd5.} Ne4 37. Qxf8+ Rxf8 38. Bxe4 fxe4 {The position is equal.} 39. Rxe4 Rc4 40. Re7 Bg4 41. Rf1 {White threatens Nxg6+! and mate.} Kg8 {And now ...g5 would win.} 42. Kg1 ({But not} 42. Rxa7 g5 $17) 42... Rxa4 43. h3 g5 44. hxg4 gxf4 45. gxf4 Rxd4 46. Rxa7 Rdxf4 47. Rxf4 Rxf4 {[%mdl 4096] Endgame KR-KR} 48. Rb7 Rxg4+ 49. Kf2 Rg6 50. Kf3 h5 51. Kf4 h4 {...h3 is the strong threat.} 52. Kf5 Rd6 {next ...h3 is good for Black.} (52... Rh6 $5 53. Kg5 $8 Rh7 54. Rxh7 (54. Rxb6 h3 $11) 54... Kxh7 55. Kxh4 Kg6 $11) 53. Kg4 Kf8 54. Kxh4 Ke8 55. Kg4 Kd8 56. Kf4 Kc8 57. Rh7 Rd5 58. Ke4 Rxb5 59. Kd4 Rc5 60. Rg7 Rc1 61. Kd3 Rc6 62. Kd4 b5 {Accuracy: White = 89%, Black = 93%.} 1/2-1/2

[Event "Panchenko Memorial-B 2020"]
[Site "Chelyabinsk"]
[Date "2020.09.12"]
[Round "6.5"]
[White "Loskutova, Viktoriya"]
[Black "Garifullina, Leya"]
[Result "1/2-1/2"]
[WhiteElo "2064"]
[BlackElo "2357"]
[Annotator "TA"]
[PlyCount "112"]
[EventDate "2020.09.07"]
[EventType "swiss"]
[EventCountry "RUS"]
[SourceTitle "playchess.com"]
[Source "ChessBase"]
[SourceQuality "1"]

{[%evp 10,112,-4,0,8,12,33,30,65,28,26,15,4,-2,4,-14,-14,-17,-10,-16,-3,-8,-15,-16,-8,-22,-11,-11,-14,-19,-17,-16,-25,-29,-26,-22,-33,-32,-16,-13,-19,-9,0,-27,-18,-20,-4,-33,-33,-33,-26,-63,-24,-19,0,-3,10,12,12,13,28,-8,-8,-21,-22,-26,0,-8,0,-82,-82,-82,-82,-82,-82,-82,-112,-94,-122,-129,-121,-200,-47,-64,0,0,0,0,0,0,0,0,0,0,0,0,0,0,0,0,8,8,8,0,0]} 1. d4 Nf6 2. c4 e6 3. Nc3 Bb4 4. e3 O-O 5. Bd2 d5 6. Nf3 dxc4 {E51: Nimzo-Indian: Rubinstein: 4...0-0 5 Nf3 d5.} 7. Bxc4 a6 8. O-O Be7 {White has an edge.} 9. Rc1 {[#]} b5 $146 ({Predecessor:} 9... Nbd7 10. Qc2 c5 11. dxc5 Bxc5 12. Rfd1 b5 13. Bd3 Be7 14. Ne4 Bb7 15. Nxf6+ Nxf6 {1-0 (40) Raffalt,M (2290)-Dohr,A (2200) Graz 1992}) 10. Be2 Nbd7 {[%cal Bb8d7,Bd7c5,Bc5e4][%mdl 32]} 11. Ne5 Bb7 12. Bf3 Bxf3 13. Nxf3 c5 14. Ne2 Rc8 15. dxc5 Nxc5 16. Bc3 Qb6 17. Bd4 {Strongly threatening b4.} Qb7 18. Rc2 Nce4 19. Rxc8 Rxc8 20. Qb1 Nd7 21. Rc1 Rxc1+ 22. Qxc1 f6 23. Ng3 Nxg3 24. hxg3 e5 25. Bc3 Nc5 26. Qc2 b4 27. Be1 Qb5 28. Qd1 Qd3 29. Qc1 a5 30. Nd2 Kf8 31. Nc4 Qe2 {aiming for ...Nd3.} 32. Bd2 Nd3 33. Qf1 Qxf1+ 34. Kxf1 $11 {[%mdl 4096] Endgame KBN-KBN} a4 35. Ke2 e4 36. a3 bxa3 37. bxa3 Bc5 38. Bc3 Kf7 39. g4 (39. Bd4 $11) 39... Ke6 $17 40. Bd4 Kd5 41. Bxc5 Kxc4 {KB-KN} 42. Be7 Kb3 43. f3 Ne5 44. Bf8 g6 45. Bg7 {[#]} (45. Kf2 $17 {was necessary.}) 45... Nd7 $2 ({Much less strong is} 45... Kxa3 46. Bxf6 Nd7 47. Bd4 $17) (45... exf3+ $1 $19 46. gxf3 Nd7) 46. fxe4 $15 g5 (46... Nc5 $15 47. Bxf6 Kxa3) 47. Kd2 $11 {The position is equal.} Kxa3 {...Kb2 is the strong threat.} 48. Kc3 Ka2 49. Kc2 a3 50. g3 h6 51. Bh8 Nc5 52. Bxf6 Nxe4 {[%mdl 64] [#] Double Attack} 53. Bg7 Nc5 54. Bd4 Na6 55. Bc3 Nc5 56. Bd4 Na6 {Accuracy: White = 82%, Black = 86%.} 1/2-1/2

[Event "Panchenko Memorial-B 2020"]
[Site "Chelyabinsk"]
[Date "2020.09.13"]
[Round "7.1"]
[White "Smirnova, Ekaterina"]
[Black "Bodnaruk, Anastasia"]
[Result "1/2-1/2"]
[WhiteElo "2278"]
[BlackElo "2411"]
[Annotator "TA"]
[PlyCount "73"]
[EventDate "2020.09.07"]
[EventType "swiss"]
[EventCountry "RUS"]
[SourceTitle "playchess.com"]
[Source "ChessBase"]
[SourceQuality "1"]

{[%evp 17,73,27,55,50,51,48,52,57,57,52,79,77,82,87,97,84,97,83,84,68,86,68,68,59,68,68,68,59,63,59,68,68,68,68,68,68,68,68,68,68,68,68,68,68,68,68,68,68,68,0,68,0,89,0,89,0,89,0]} 1. d4 Nf6 2. c4 g6 3. Nc3 Bg7 4. e4 d6 5. Be2 O-O 6. Bg5 Na6 7. Qd2 e5 8. d5 Qe8 9. Bd1 Bd7 10. Nge2 {E73: King's Indian: Averbakh Variation without 6...c5.} Ng4 11. h3 f6 {[#] Hoping for ...Nxf2.} 12. hxg4 {Bh6 is the strong threat.White is slightly better.} fxg5 13. f3 Qe7 14. Ba4 Bxa4 15. Nxa4 c5 {[#]} 16. b3 $146 ({Predecessor:} 16. Nac3 Nc7 17. Qe3 a6 18. Kd2 b5 19. b3 Rab8 20. Rab1 bxc4 21. bxc4 Na8 22. Kd3 {½-½ (54) Fuentes Godoy,L (2079)-Alboredo,J (2174) Batumi 2018}) 16... Bf6 17. a3 Qd7 18. Nac3 Nc7 19. O-O b5 20. Qd3 a6 21. Rfb1 Rfc8 22. Ng3 Rab8 23. Nf1 a5 24. Ne3 b4 25. Ne2 Ra8 26. a4 Rf8 27. Ng3 Bg7 28. Kf2 Rf4 29. Ke2 Raf8 30. Rh1 Ne8 31. Raf1 R4f7 32. Rh3 Rf4 33. Rhh1 R4f7 $1 34. Rh3 Rf4 $1 35. Rhh1 R4f7 $1 36. Rh3 Rf4 $1 37. Rhh1 {Accuracy: White = 96%, Black = 96%.} (37. Rfh1 $16) 1/2-1/2

[Event "Panchenko Memorial-B 2020"]
[Site "Chelyabinsk"]
[Date "2020.09.13"]
[Round "7.2"]
[White "Zherebtsova, Alexandra"]
[Black "Voit, Daria"]
[Result "1-0"]
[WhiteElo "2187"]
[BlackElo "2343"]
[Annotator "TA"]
[PlyCount "87"]
[EventDate "2020.09.07"]
[EventType "swiss"]
[EventCountry "RUS"]
[SourceTitle "playchess.com"]
[Source "ChessBase"]
[SourceQuality "1"]

{[%evp 9,87,12,27,47,47,66,63,64,65,55,53,65,64,54,103,91,122,111,222,163,187,159,166,150,199,139,141,139,125,115,158,92,213,210,207,208,197,138,105,78,72,79,85,83,93,85,109,108,172,171,627,607,617,512,714,297,318,311,279,298,649,458,460,452,450,466,435,324,578,282,293,282,471,358,29990,29988,29995,29996,29996,29997]} 1. d4 d5 2. Bf4 Nf6 3. e3 c5 4. Nc3 a6 5. dxc5 Nc6 6. a3 {D00: 1 d4 d5: Unusual lines.} e5 7. Bg5 Be6 8. b4 {White is slightly better.} Be7 9. Nf3 O-O 10. Be2 h6 11. Bh4 {[#]} a5 $146 ({Predecessor:} 11... b6 12. cxb6 Qxb6 13. O-O Rfd8 14. Na4 Qa7 15. Bxf6 Bxf6 16. Nc5 Bf5 17. c3 a5 {0-1 (29) Green,A (2179)-Pert,N (2563) Solihull 2018}) 12. b5 e4 13. Nd4 Nb8 (13... Nxd4 $16 14. exd4 Nd7 15. Bxe7 Qxe7) 14. c6 bxc6 15. bxc6 Bc5 16. Ncb5 {And now c7 would win.} Qc8 17. c7 (17. Bxf6 $18 gxf6 18. c4 Nxc6 19. Nxe6 fxe6 20. cxd5) 17... Na6 $16 18. Bg3 Ne8 {[%cal Ra6c7]} 19. c4 Naxc7 20. cxd5 (20. Nxe6 $142 fxe6 21. Rc1) 20... Bxd5 (20... Bxd4 $16 21. Nxd4 Nxd5) 21. Rc1 $18 Na6 22. O-O Qb7 23. Nf5 (23. Rc3 $18) 23... Be6 $16 24. Nbd6 Nxd6 25. Nxd6 Qb6 26. Rb1 (26. Nxe4 Bxa3 27. Ra1 Rfd8 $11) 26... Qd8 27. a4 f5 28. Rb7 {aiming for Be5.} Nb4 (28... Bxd6 $16 29. Qxd6 (29. Bxd6 Rf7 $16) 29... Qxd6 30. Bxd6 Rfc8) 29. Qa1 $1 $40 {[%csl Gb7][%cal Ra1g7][%mdl 128] White goes for the king.} Qg5 $2 (29... Rf6) 30. h4 Qg6 {[#]} 31. Bh5 $1 {[%mdl 512]} Qh7 (31... Qxh5 32. Qxg7#) 32. Be5 (32. Qe5 $142 Bd5 33. Rxb4 $1 {[%mdl 512]} Bxd6 34. Qxd5+ Kh8 35. Rb7 Bxg3 36. fxg3) 32... Ra7 33. Rc1 {Hoping for Rxa7.} Rxb7 34. Nxb7 Bb6 $2 (34... Be7 35. Rc7 (35. Nxa5 f4 $16) 35... Nd5) 35. Nc5 Bxc5 36. Rxc5 {Strongly threatening Rc7.} g6 37. Be2 Nd3 38. Rc6 Bd7 $2 {[#]} (38... Re8 39. Bxd3 exd3) 39. Rc7 (39. Bxd3 $142 $3 {[%mdl 512] White threatens Bc4+ and mate.} exd3 40. Qa2+ Qf7 41. Rxg6+ {[%mdl 64] Double Attack} Kh7 42. Rg7+ Qxg7 43. Bxg7 Kxg7 44. Qd5) 39... Qe7 40. Bd4 ({Don't do} 40. Bxd3 $6 exd3 41. Qc3 Rf7 $18) 40... Rf7 $2 (40... Rb8 {might work better.} 41. h5 gxh5 42. Bxh5 Qe6) 41. Qb1 Qxh4 $2 (41... Qb4 $18 42. Qxb4 (42. Qa2 Qe1+ 43. Kh2 Qxf2 $11) 42... axb4) 42. Bxd3 {White mates.} exd3 43. Qb8+ Rf8 44. Qb3+ {[%mdl 64] Double Attack. Accuracy: White = 62%, Black = 43%.} 1-0

[Event "Panchenko Memorial-B 2020"]
[Site "Chelyabinsk"]
[Date "2020.09.13"]
[Round "7.3"]
[White "Bivol, Alina"]
[Black "Guseva, Marina"]
[Result "1/2-1/2"]
[WhiteElo "2386"]
[BlackElo "2378"]
[Annotator "TA"]
[PlyCount "79"]
[EventDate "2020.09.07"]
[EventType "swiss"]
[EventCountry "RUS"]
[SourceTitle "playchess.com"]
[Source "ChessBase"]
[SourceQuality "1"]

{[%evp 11,79,0,17,5,20,14,64,48,62,16,27,18,44,0,54,-24,-12,-6,0,-14,0,0,0,0,0,0,0,0,0,0,1,0,0,0,0,0,0,0,0,0,0,0,0,0,0,0,0,0,0,0,0,0,0,0,0,0,0,0,0,0,0,0,0,0,0,0,0,0,0,0]} 1. d4 d5 2. c4 c6 3. Nc3 Nf6 4. Nf3 e6 5. e3 Nbd7 6. Be2 dxc4 7. a4 $1 {[%mdl 4] is currently scoring better than 7.Bxc4. D45: Semi-Slav: 5 e3.} c5 8. O-O cxd4 9. Qxd4 {[#] White is slightly better.} Be7 $146 ({Predecessor:} 9... Bc5 10. Qxc4 Qe7 11. b3 O-O 12. Bb2 b6 13. Ne4 Bb7 14. Nxc5 Nxc5 15. b4 Nce4 {1-0 (42) Timofeev,A (2580)-Salimova,N (2372) chess.com INT 2020}) 10. Rd1 O-O 11. Qxc4 b6 12. a5 Bb7 (12... bxa5 $11 13. e4 Bb7) 13. Qf4 ({Better is} 13. a6 $14 Rc8 14. Qa4) 13... bxa5 $11 14. Bd2 {The position is equal.} Bb4 15. Nb5 Qb6 16. Bxb4 axb4 17. Qxb4 Bxf3 (17... a6 $5 18. Rd6 $8 Qc5 19. Qxc5 Nxc5 $11) 18. Bxf3 {[#] Hoping for Rd6.} ({Avoid the trap} 18. gxf3 $2 a6 $19) 18... Rab8 {aiming for ...a6.} 19. Be2 $1 a6 20. Rd6 Qc5 21. Qxc5 Nxc5 22. b4 axb5 23. bxc5 Ne4 24. Rb6 {Black should prevent Rc1.} Nxc5 25. Rxb5 Rxb5 26. Bxb5 {[%mdl 4096] Endgame KRB-KRN} Rb8 27. Bc6 g6 28. h4 h5 29. g3 Kg7 30. Kg2 Nd3 31. Be4 Ne5 32. Ra2 Rb4 33. Bf3 Nxf3 34. Kxf3 {KR-KR} Kf6 35. Ra5 Rc4 36. Rb5 Ra4 37. Rc5 Rb4 38. Ra5 Rc4 39. Rb5 Ra4 40. Rc5 {Accuracy: White = 89%, Black = 93%.} 1/2-1/2